书目信息 |
| 题名: |
草业生态工程技术
|
|
| 作者: | 李建龙 主编 | |
| 分册: | ||
| 出版信息: | 北京 化学工业出版社 2004 |
|
| 页数: | 590页 | |
| 开本: | 20cm | |
| 丛书名: | 生态工程技术丛书 | |
| 单 册: | ||
| 中图分类: | S812.3 | |
| 科图分类: | ||
| 主题词: | 草地--生态系统 , 草地 , 生态系统 | |
| 电子资源: | ||
| ISBN: | 7-5025-5694-X | |
| 000 | 00914oam2 2200277 450 | |
| 001 | 002717560 | |
| 005 | 20070805110944.26 | |
| 010 | @a7-5025-5694-X@dCNY45.00 | |
| 100 | @a20040903d2004 em y0chiy0110 ea | |
| 101 | 0 | @achi |
| 102 | @aCN@b110000 | |
| 105 | @ay z 000yy | |
| 106 | @ar | |
| 200 | 1 | @a草业生态工程技术@Acao ye sheng tai gong cheng ji shu@f李建龙主编@Fli jian long zhu bian |
| 210 | @a北京@c化学工业出版社@d2004 | |
| 215 | @a590页@d20cm | |
| 225 | 2 | @a生态工程技术丛书@Asheng tai gong cheng ji shu cong shu |
| 330 | @a本书提出了实施退耕还草工程建设的目标、范围、规划内容、要求和方案,并着重介绍了各种优良牧草品种和养护管理技术等。 | |
| 461 | 0 | @1001002637601@12001 @a生态工程技术丛书 |
| 606 | 0 | @a草地@x生态系统 |
| 606 | 0 | @a草地 |
| 606 | 0 | @a生态系统 |
| 690 | @aS812.3@v4 | |
| 701 | 0 | @a李建龙@Ali jian long@f(1962~)@4主编 |
| 801 | 0 | @aCN@bNLC@c20070805 |
| 905 | @dS812.3@e71@f5 | |
| 草业生态工程技术/李建龙主编.-北京:化学工业出版社,2004 |
| 590页;20cm.-(生态工程技术丛书) |
| ISBN 7-5025-5694-X:CNY45.00 |
| 本书提出了实施退耕还草工程建设的目标、范围、规划内容、要求和方案,并着重介绍了各种优良牧草品种和养护管理技术等。 |
| ● |
| 相关链接 |
|
|
|
|
正题名:草业生态工程技术
索取号:S812.3/71
 
预约/预借
| 序号 | 登录号 | 条形码 | 馆藏地/架位号 | 状态 | 备注 |
| 1 | 0851034 | 208510342 | 第二样本阅览室/ [索取号:S812.3/71] | 在馆 | |
| 2 | 0851035 | 208510351 | 第三借阅区/ [索取号:S812.3/71] | 在馆 | |
| 3 | 0851036 | 208510360 | 第三借阅区/ [索取号:S812.3/71] | 在馆 | |
| 4 | 0851037 | 208510379 | 密集书库/ [索取号:S812.3/71] | 在馆 | |
| 5 | 0851038 | 208510388 | 密集书库/ [索取号:S812.3/71] | 在馆 |